Normal view
MARC view
Entry Personal Name
001 - CONTROL NUMBER
- control field: 28904
003 - CONTROL NUMBER IDENTIFIER
- control field: ARRUPE
005 - DATE AND TIME OF LATEST TRANSACTION
- control field: 20170220100152.0
008 - FIXED-LENGTH DATA ELEMENTS
- fixed length control field: 170220|| aca||aabn | a|a d
040 ## - CATALOGING SOURCE
- Original cataloging agency: ARRUPE
- Transcribing agency: ARRUPE
100 ## - HEADING--PERSONAL NAME
- Personal name: Kohlberg, Lawrence
670 ## - SOURCE DATA FOUND
- Source citation: Work cat.: (ARRUPE)16502: Kohlberg, Lawrence, The philosophy of moral development